Datum a čas kvízu
15
Celkem bodů
Celkový počet nahraných bodů na tomto kvízu bez doplňovacích otázek.
7.
Pořadí na kvízu
Konečné umístění týmu na tomto kvízu.
Zaznamenané odpovědi
| # | Otázka | Odpověď | Body | Výsledky |
|---|---|---|---|---|
| 1. | Více než 450 strážníků z 38 mě... | 0 | ||
| 2. | Drobná africká monarchie slaví... | 1 | ||
| 3. | Pořadatelé karlovarského filmo... | 0 | ||
| 4. | Minulý týden oslavila kulaté 7... | 0 | ||
| 5. | Všechny tyto události se staly... | 1 | ||
| 6. | Jak se jmenuje festival dokume... | 0 | ||
| 7. | Velký úspěch minulý rok zaznam... | 0 | ||
| 8. | Olga Sommerová je od roku 2014... | 0 | ||
| 9. | Režisérka Helena Třeštíková na... | 0 | ||
| 10. | Seřaďte tyto dokumenty podle j... | 0 |